Cenové systémy a cenotvorba vzhľadom na geografický rozsah trhu
Dominantným faktorom, ovplyvňujúcim tvorbu ceny a v neposlednom rade výšku ceny ponúkaných produktov podniku je geografický rozsah trhu. Faktory vplývajúce na geograficky orientovanú tvorbu cien. Najjednoduchšou metódou riešenia pokrytia rozdielnych prepravných nákladov je ich presunutie na kupujúce...
Enregistré dans:
| Auteur principal: | |
|---|---|
| Format: | Chapitre de livre |
| Langue: | slovaque |
| Sujets: | |
| Tags: |
Pas de tags, Soyez le premier à ajouter un tag!
|
MARC
| LEADER | 00000nla$a2200000$$$4500 | ||
|---|---|---|---|
| 001 | 0114256 | ||
| 005 | 20240502072255.2 | ||
| 041 | 0 | |a slo | |
| 044 | |a SK | ||
| 245 | 1 | 0 | |a Cenové systémy a cenotvorba vzhľadom na geografický rozsah trhu |c Iveta Kufelová |
| 520 | |a Dominantným faktorom, ovplyvňujúcim tvorbu ceny a v neposlednom rade výšku ceny ponúkaných produktov podniku je geografický rozsah trhu. Faktory vplývajúce na geograficky orientovanú tvorbu cien. Najjednoduchšou metódou riešenia pokrytia rozdielnych prepravných nákladov je ich presunutie na kupujúceho - výhody pre výrobcu a pre zákazníkov. Cena absorbujúca prepravné náklady. | ||
| 610 | 2 | 0 | |a ceny |
| 610 | 2 | 0 | |a výrobky |
| 610 | 2 | 0 | |a tvorba cien |
| 610 | 2 | 0 | |a geografia hospodárska |
| 610 | 2 | 0 | |a náklady |
| 610 | 2 | 0 | |a preprava |
| 610 | 2 | 0 | |a ceny predajné |
| 100 | 1 | |a Kufelová, Iveta, 1970- | |